Größten Städte der Welt - Statistiken

Allgemein
  • Dieses Quiz wurde 235 mal gespielt
  • Das Durchschnittsergebnis liegt bei 23 aus 35
Antwortstatistiken
Einwohner Stadt % Korrekt
39,9 Tokio
98%
22,2 New York
94%
14,6 London
93%
17,0 Moskau
92%
20,0 Peking
89%
17,7 Los Angeles
88%
29,5 Shanghai
87%
11,3 Paris
86%
18,2 Kairo
81%
24,2 Mumbai
76%
30,3 Jakarta
75%
14,8 Istanbul
74%
22,6 Mexiko-Stadt
74%
22,1 Sao Paulo
74%
28,4 Delhi
70%
24,6 Manila
66%
16,1 Buenos Aires
65%
18,2 Lagos
63%
24,6 Seoul
63%
18,4 Bangkok
61%
17,7 Osaka
58%
14,7 Teheran
58%
10,3 Lima
57%
12,8 Rio de Janeiro
57%
45,6 Guangzhou
55%
13,4 Johannesburg
53%
11,6 Kinshasa
53%
16,4 Kalkutta
50%
18,8 Dhaka
49%
16,9 Karatschi
36%
10,7 Chennai
35%
11,5 Bangalore
34%
12,2 Lahore
31%
12,7 Tianjin
30%
10,5 Nagoya
27%
Keine übereinstimmenden Quizze gefunden
Verteilung der Resultate
Anzahl Personen mit jedem Resultat
Perzentil nach korrekt beantworteten Fragen
Ihre Resultats-Entwicklung
Sie haben dieses Quiz noch nicht gespielt